| 000 | 00526nam a22001577a 4500 | ||
|---|---|---|---|
| 082 | _a670 | ||
| 100 | _aSardar, Saqib | ||
| 245 |
_aA Systematic Design Approach Towards Mechanized Tooling / _cSaqib Sardar |
||
| 260 |
_aIslamabad : _bSMME - NUST, _c2013. |
||
| 300 |
_a188 p. ; _c30cm. |
||
| 650 |
_aDesign and Manufacturing-MS-Thesis _925728 |
||
| 700 |
_aDr. Liaqat Ali _916199 |
||
| 856 | _uhttp://10.250.8.41:8080/xmlui/handle/123456789/9101 | ||
| 942 |
_2ddc _cTHE |
||
| 999 |
_c541097 _d541097 |
||